The Cognitive-discursive Model of Evidentiality (Authorization); Procedia - Social and Behavioral Sciences; Vol. 200 : Language and culture
| Parent link: | Procedia - Social and Behavioral Sciences Vol. 200 : Language and culture.— 2015.— [P. 185-191] |
|---|---|
| Κύριος συγγραφέας: | |
| Συγγραφή απο Οργανισμό/Αρχή: | |
| Άλλοι συγγραφείς: | , |
| Περίληψη: | Title screen The paper discusses some functional aspects of evidentiality in scientific discourse and dialect speech in Russian. The aim is to show how evidentiality, traditionally called authorization in Russian, can be studied from functional and cognitive-discursive points of view. The authors propose a methodology of revealing additive meanings of evidential (authorizational) structures based on interpretation of subjective components of speech. The interpretation is based on the authorization model proposed by the authors. Режим доступа: по договору с организацией-держателем ресурса |
| Γλώσσα: | Αγγλικά |
| Έκδοση: |
2015
|
| Θέματα: | |
| Διαθέσιμο Online: | http://dx.doi.org/10.1016/j.sbspro.2015.08.050 |
| Μορφή: | Ηλεκτρονική πηγή Κεφάλαιο βιβλίου |
| KOHA link: | https://koha.lib.tpu.ru/cgi-bin/koha/opac-detail.pl?biblionumber=650513 |
MARC
| LEADER | 00000naa0a2200000 4500 | ||
|---|---|---|---|
| 001 | 650513 | ||
| 005 | 20250904093607.0 | ||
| 035 | |a (RuTPU)RU\TPU\network\15731 | ||
| 090 | |a 650513 | ||
| 100 | |a 20161007d2015 k||y0engy50 ba | ||
| 101 | 0 | |a eng | |
| 102 | |a NL | ||
| 135 | |a drgn ---uucaa | ||
| 181 | 0 | |a i | |
| 182 | 0 | |a b | |
| 200 | 1 | |a The Cognitive-discursive Model of Evidentiality (Authorization) |f T. A. Demeshkina, S. V. Grichin, N. N. Sergeeva | |
| 203 | |a Text |c electronic | ||
| 300 | |a Title screen | ||
| 320 | |a [References: 19 tit.] | ||
| 330 | |a The paper discusses some functional aspects of evidentiality in scientific discourse and dialect speech in Russian. The aim is to show how evidentiality, traditionally called authorization in Russian, can be studied from functional and cognitive-discursive points of view. The authors propose a methodology of revealing additive meanings of evidential (authorizational) structures based on interpretation of subjective components of speech. The interpretation is based on the authorization model proposed by the authors. | ||
| 333 | |a Режим доступа: по договору с организацией-держателем ресурса | ||
| 461 | 0 | |0 (RuTPU)RU\TPU\network\2898 |t Procedia - Social and Behavioral Sciences | |
| 463 | |t Vol. 200 : Language and culture |o The XXVI Annual International Academic Conference, 27–30 October 2015 |o [proceedings] |v [P. 185-191] |d 2015 | ||
| 610 | 1 | |a электронный ресурс | |
| 610 | 1 | |a труды учёных ТПУ | |
| 610 | 1 | |a авторизация | |
| 610 | 1 | |a научный дискурс | |
| 610 | 1 | |a диалекты | |
| 610 | 1 | |a толкование | |
| 700 | 1 | |a Demeshkina |b T. A. |g Tatjyana Alekseevna | |
| 701 | 1 | |a Grichin |b S. V. |c linguist |c Head of Department of Yurga technological Institute of Tomsk Polytechnic University, candidate of philological sciences |f 1971- |g Sergey Vladimirovich |3 (RuTPU)RU\TPU\pers\35622 |9 18791 | |
| 701 | 1 | |a Sergeeva |b N. N. |g Nataljya Nikolaevna | |
| 712 | 0 | 2 | |a Национальный исследовательский Томский политехнический университет (ТПУ) |b Юргинский технологический институт (филиал) (ЮТИ) |b Кафедра гуманитарного образования и иностранных языков (ГОИЯ) |3 (RuTPU)RU\TPU\col\18978 |
| 801 | 2 | |a RU |b 63413507 |c 20161007 |g RCR | |
| 856 | 4 | |u http://dx.doi.org/10.1016/j.sbspro.2015.08.050 | |
| 942 | |c CF | ||